000 00500nam a22001697a 4500
005 20241111090902.0
008 241111b |||||||| |||| 00| 0 eng d
020 _a0273600192
050 _aTX911.
_bI58 INT
245 _aThe international hospitality industry
_bOrganizational and hospitality industry
260 _aNew York
_bJohn Wiley and Sons
_cc1993
300 _axii, 240p
_bill.;
500 _aIncludes Index
700 _aEdited by Peter Jones
700 _aAbraham Pizam
942 _2lcc
_cBK
_n0
999 _c970
_d970